000 00540nam a2200217Ia 4500
003 OSt
005 20220928142352.0
006 a|||||r|||| 00| 0
007 ta
008 220927b |||||||| |||| 00| 0 eng d
024 _a19334
037 _cTextual
040 _aSDCL
_cSDCL
_beng
041 _2eng
_aeng
082 _aP152vN7, 152K4
100 _aVerma Laxmi Kant
_9503374
245 0 _aHindi - aandolan.
260 _c1964
942 _hP152vN7, 152K4
_cTEXL
_2CC
999 _c821531
_d821531